Jurados do The Voice Brasil - Statistics

Estatísticas Gerais
  • Esse quiz foi jogado 75 vezes
  • A pontuação média é 9 de 15
Estatísticas das Respostas
Hint Resposta % Correto
2 Carlinhos Brown
93%
5 Michel Teló
91%
3 Claudia Leitte
89%
6 Ivete Sangalo
89%
1 Lulu santos
80%
7 Iza
73%
10 Simone e Simaria
71%
4 Daniel
69%
11 Maiara e Maraisa
51%
12 Mumuzinho
51%
9 Victor e Leo
49%
13 Ludmilla
44%
8 Gaby Amarantos
33%
14 Fafá de Belém
24%
15 Toni Garrido
18%
Nenhum quiz correspondente encontrado
Distribuição das Pontuações
Porcentagem de Pessoas com Cada Pontuação
Percentil de Números Respondidos
Sua Pontuação Histórica
Você não jogou esse quiz